[Event "Windsor NAYCC U16-U18 Girls"]
[White "Davis, Katherine"]
[Black "Gillan, Rahma"]
[Site "Windsor"]
[Round "1.28"]
[Result "1-0"]
[Date "2016.08.07"]
[WhiteElo "1780"]
[BlackElo "1416"]
[PlyCount "149"]
[EventDate "2016.08.07"]
[EventType "swiss"]
[EventRounds "9"]
[EventCountry "CAN"]
[SourceTitle "EXT 2022"]
[Source "ChessBase"]
[SourceDate "2021.10.06"]
[SourceVersion "1"]
[SourceVersionDate "2021.10.06"]
[SourceQuality "1"]

1. e4 e5 2. Nf3 Nc6 3. Bb5 d6 4. c3 Nf6 5. d3 a6 6. Ba4 Be7 7. 0-0 0-0 8. Re1 Bg4 9. Nbd2 b5 10. Bc2 Qd7 11. Nf1 d5 12. Qe2 d4 13. Ng3 Rfd8 14. h3 Be6 15. Ng5 a5 16. f4 exf4 17. Bxf4 a4 18. a3 h6 19. Nxe6 fxe6 20. Kh1 Rf8 21. Rf1 Rf7 22. Bd2 Raf8 23. e5 Nxe5 24. Qxe5 Bd6 25. Qxd4 Bxg3 26. Qxd7 Nxd7 27. Rxf7 Rxf7 28. Be3 Kf8 29. Kg1 Ke7 30. c4 c6 31. b3 axb3 32. Bxb3 Kd6 33. Bd1 Ne5 34. Be2 bxc4 35. dxc4 g5 36. a4 Bf4 37. Bd4 Rf8 38. a5 Nd7 39. a6 e5 40. Bf2 Ra8 41. Bg4 Nb8 42. g3 Rxa6 43. Rd1+ Kc7 44. gxf4 gxf4 45. Re1 Ra5 46. c5 Nd7 47. Bxd7 Kxd7 48. Rxe5 Ra1+ 49. Kg2 Ra3 50. Rf5 Ra4 51. Kf3 Ra3+ 52. Kg4 f3 53. Rxf3 Ra4+ 54. Kh5 Re4 55. Kxh6 Re6+ 56. Kg7 Re4 57. h4 Rg4+ 58. Kf6 Rg8 59. Kf7 Rh8 60. Kg7 Rh5 61. Kg6 Re5 62. h5 Re6+ 63. Rf6 Re4 64. h6 Rg4+ 65. Kf7 Re4 66. h7 Re7+ 67. Kg6 Re8 68. Kg7 Re7+ 69. Rf7 Rxf7+ 70. Kxf7 Kd8 71. h8Q+ Kd7 72. Qe8+ Kc7 73. Bg3+ Kb7 74. Qb8+ Ka6 75. Qb6# 1-0

[Event "CAN-ch U16"]
[White "Gillan, Rahma"]
[Black "Robertson, Kole"]
[Site "Windsor"]
[Round "6.17"]
[Result "1-0"]
[Date "2016.07.08"]
[WhiteElo "1494"]
[BlackElo "1325"]
[PlyCount "67"]
[EventDate "2016.07.05"]
[EventType "swiss"]
[EventRounds "7"]
[EventCountry "CAN"]
[SourceTitle "EXT 2022"]
[Source "ChessBase"]
[SourceDate "2021.10.06"]
[SourceVersion "1"]
[SourceVersionDate "2021.10.06"]
[SourceQuality "1"]

1. e4 d6 2. d4 Nf6 3. Nc3 g6 4. Nf3 Bg7 5. Be2 0-0 6. 0-0 Nc6 7. Bg5 h6 8. Be3 Ng4 9. Bd2 e5 10. d5 Ne7 11. h3 Nf6 12. Qc1 Kh7 13. Re1 Qe8 14. Bd3 Nh5 15. Nb5 Qd8 16. c4 a6 17. Nc3 f5 18. b4 f4 19. Be2 Nf6 20. c5 g5 21. Nh2 Qe8 22. Qd1 Qg6 23. Bf3 h5 24. g4 fxg3 25. fxg3 g4 26. hxg4 Nxg4 27. Nxg4 Bxg4 28. Bxg4 hxg4 29. Rf1 Bh6 30. Bxh6 Qxh6 31. Qxg4 Qe3+ 32. Kg2 Qxc3 33. Qh4+ Kg6 34. Qg4+ 1-0

[Event "CAN-ch U16"]
[White "Kilroy, Evan"]
[Black "Gillan, Rahma"]
[Site "Windsor"]
[Round "7.15"]
[Result "1-0"]
[Date "2016.07.08"]
[WhiteElo "1430"]
[BlackElo "1494"]
[PlyCount "100"]
[EventDate "2016.07.05"]
[EventType "swiss"]
[EventRounds "7"]
[EventCountry "CAN"]
[SourceTitle "EXT 2022"]
[Source "ChessBase"]
[SourceDate "2021.10.06"]
[SourceVersion "1"]
[SourceVersionDate "2021.10.06"]
[SourceQuality "1"]

1. e4 e5 2. Nf3 Nc6 3. d4 d6 4. dxe5 Nxe5 5. Nxe5 dxe5 6. Qxd8+ Kxd8 7. Bc4 f6 8. Nc3 Bb4 9. Bd2 Bd7 10. 0-0-0 c6 11. Ne2 Bc5 12. f4 Kc7 13. fxe5 fxe5 14. Bc3 Re8 15. Bxg8 Rhxg8 16. h3 Rgf8 17. Rhf1 Bd6 18. Kb1 Be6 19. b3 Bf7 20. Ng3 g6 21. Rf6 Bg8 22. Rfxd6 Rf2 23. Ba5+ b6 24. Rd7+ Kc8 25. Rxa7 Ref8 26. Bxb6 R2f7 27. Bc7 h5 28. Ra5 Kxc7 29. Rxe5 Rf2 30. Rg5 Rxg2 31. Rxg6 Bxb3 32. axb3 Rf3 33. Rg7+ Kb6 34. Nxh5 Rh2 35. Rd3 Rff2 36. Rc3 Re2 37. Rg6 Re1+ 38. Kb2 Rhh1 39. Rcxc6+ Kb7 40. Rcf6 Rb1+ 41. Ka3 Ra1+ 42. Kb4 Raf1 43. Rb6+ Kc7 44. Ng3 Re1 45. Nxh1 Rxe4+ 46. Kc3 Re3+ 47. Kb2 Rxh3 48. Rbf6 Rh7 49. Ra6 Kb7 50. Rgb6+ Kc7 1-0